Výroční zpráva Československé obchodní a průmyslové komory za rok 1985
Enregistré dans:
| Format: | Livre |
|---|---|
| Langue: | tchèque |
| Publié: |
Praha
Československá obchodní a průmyslová komora
1986
|
| Tags: |
Pas de tags, Soyez le premier à ajouter un tag!
|
MARC
| LEADER | 00000nam a2200000 4500 | ||
|---|---|---|---|
| 001 | c104815 | ||
| 005 | 20250526110658.8 | ||
| 041 | 0 | |a cze | |
| 044 | |a CZ | ||
| 245 | 1 | 0 | |a Výroční zpráva Československé obchodní a průmyslové komory za rok 1985 |
| 264 | 1 | |a Praha |b Československá obchodní a průmyslová komora |c 1986 | |
| 300 | |a 148 s. | ||